Les boulevards parisiens - Statistiques

Statistiques générales
  • Ce quiz a été pris 164 fois
  • Le résultat moyen est 29 sur 118
Statistiques - réponses
Arrondissements Noms % Correct
6e, 14e, 15e du Montparnasse
60%
11e Voltaire
59%
5e, 6e, 7e Saint-Germain
57%
8e Haussmann
56%
5e, 6e Saint-Michel
55%
1er, 2e, 3e, 4e de Sébastopol
52%
10e de Magenta
50%
2e, 9e des Capucines
49%
11e, 20e de Belleville
48%
8e, 9e, 17e Malesherbes
48%
18e Ney
45%
10e, 19e de La Villette
44%
6e, 7e, 14e Raspail
43%
2e, 3e, 10e Saint-Denis
43%
9e, 18e de Clichy
42%
11e, 20e de Ménilmontant
42%
18e Barbès
41%
12e, 13e, 14e, 15e, 16e, 17e, 18e, 19e, 20e périphérique
41%
3e, 10e Saint-Martin
40%
2e, 10e de Bonne-Nouvelle
39%
10e, 18e de La Chapelle
39%
5e, 13e, 14e de Port-Royal
39%
12e Diderot
39%
2e, 9e Montmartre
39%
15e de Grenelle
38%
9e, 18e de Rochechouart
38%
7e des Invalides
38%
2e, 9e des Italiens
38%
3e, 11e du Temple
37%
15e Victor
37%
10e de Strasbourg
36%
5e, 13e de l'Hôpital
35%
15e Pasteur
34%
5e, 13 Saint-Marcel
34%
3e, 4e, 11e Beaumarchais
33%
1er, 8e, 9e de la Madeleine
33%
12e Soult
33%
20e Davout
32%
12e de la Bastille
32%
14e Saint-Jacques
32%
8e, 17e de Courcelles
31%
2e, 9e Poissonnière
31%
13e, 14e Arago
30%
11e, 20e de Charonne
30%
13e Masséna
30%
14e Brune
29%
12e de Picpus
29%
12e de Reuilly
29%
11e Richard Lenoir
29%
19e Sérurier
29%
12e de Bercy
28%
8e, 17e des Batignolles
27%
15e de Vaugirard
27%
19e Macdonald
27%
17e Pereire
27%
16e Murat
26%
12e Poniatowski
26%
16e Suchet
26%
15e Garibaldi
25%
13e Kellermann
25%
13e Vincent Auriol
25%
13e Auguste Blanqui
24%
20e Mortier
24%
3e, 11e des Filles du Calvaire
23%
4e Henri IV
23%
17e Berthier
22%
16e d'Auteuil
22%
16e Exelmans
22%
19e d'Algérie
21%
16e Lannes
21%
17e Gouvion-Saint-Cyr
20%
15e Lefebvre
20%
17e Bessières
19%
14e Jourdan
19%
18e Ornano
19%
19e d'Indochine
17%
14e Edgar Quinet
16%
13e du Général de Gaulle
15%
1er, 4e du Palais
15%
16e de l'Amiral Bruix
13%
15e Gallieni
12%
11e Jules Ferry
12%
16e (bois de Boulogne) Maillot
12%
4e Bourdon
11%
12e Carnot
10%
16e de Montmorency
10%
17e de Reims
10%
13e du Général Jean Simon
10%
15e du Général Martial Valin
10%
4e Morland
10%
16e (bois de Boulogne) Anatole France
9%
7e de La Tour-Maubourg
9%
16e Flandrin
9%
17e Pershing
9%
16e de Beauséjour
8%
10e de Denain
8%
17e de Douaumont
8%
12e de la Guyane
8%
17e de l'Yser
8%
17e du Fort-de-Vaux
8%
16e Jules Sandeau
8%
17e de Dixmude
7%
17e de la Somme
7%
16e (bois de Boulogne) Maurice Barrès
7%
16e (bois de Boulogne) Richard Wallace
7%
16e Delessert
6%
17e du Bois-le-Prêtre
6%
16e Émile Augier
6%
16e Thierry de Martel
6%
14e Adolphe Pinard
5%
16e André Maurois
5%
19e de la Commanderie
5%
15e des Frères Voisins
4%
16e (bois de Boulogne) du Commandant Charcot
4%
14e Romain Rolland
4%
17e d'Aurelle des Paladines
3%
16e Marbeau
3%
13e Hippolyte Marquès
2%
Aucun quiz correspondant
Distribution des résultats
% des personnes avec chaque résultat
Percentile par nombre de réponses
Votre historique - résultats
Vous n’avez pas pris ce quiz